000
00318nam a22001337a 4500
082
_a
823
_b
DAN/D
100
_a
DANIEL,LUCY
245
_a
DALMATION IN THE DALES
246
_a
DALMATION IN THE DALES
_b
DALMATION IN THE DALES
260
_a
LONDON
_b
HODDER
_c
2002
300
_a
154
650
_a
ENGLISH STORIES
942
_c
BK
999
_c
8840
_d
8840